The theory and practice of grading writing: problems and possibilities
Gespeichert in:
| Hauptverfasser: | , |
|---|---|
| Format: | Buch |
| Sprache: | Englisch |
| Veröffentlicht: |
Albany
State University of New York Press
1998
|
| Schlagworte: | |
| Tags: |
Tag hinzufügen
Keine Tags, Fügen Sie den ersten Tag hinzu!
|
MARC
| LEADER | 00000nam a2200000 a 4500 | ||
|---|---|---|---|
| 001 | UCI8283 | ||
| 003 | CL-VaPUC | ||
| 008 | 080821e19980000US |||||||||||||||||eng|d | ||
| 020 | |a 0791436705 | ||
| 082 | 0 | 4 | |a 808.042 |b ZAK |2 21 |
| 100 | 0 | |a Zak, Frances |e author |9 531814 | |
| 700 | 0 | |a Weaver, Christopher C |e author |9 531815 | |
| 245 | 1 | 4 | |a The theory and practice of grading writing: problems and possibilities |
| 300 | |a 224 p | ||
| 942 | |c BK | ||
| 945 | |d 20080821 00:00:00 |a jtorresc | ||
| 260 | |a Albany |b State University of New York Press |c 1998 | ||
| 650 | 7 | |a RETORICA INGLESA |2 CL-VaPUC |9 454869 | |
| 650 | 0 | |a Lengua inglesa |9 318842 | |
| 650 | 0 | |a Estudio y enseñanza |9 270395 | |
| 650 | 7 | |a LENGUAJE INGLES |2 CL-VaPUC |9 454942 | |
| 583 | |a last modification |c 20080821 00:00:00 |k Rodrigo Vera | ||
| 999 | |c 331275 |d 331273 | ||
| 952 | |0 0 |1 0 |4 0 |6 808_042000000000000_ZAK_1998 |7 0 |8 A |9 417571 |a FDOPOS |b FDOPOS |d 2019-11-22 |i 4474031 |o 808.042 ZAK 1998 |p 4474031 |r 2025-01-22 |w 2019-11-22 |y BK |k MLA | ||